| 000 | 00000nam##2200000za#4500 |
| 001 | 9.641283 |
| 003 | CaOODSP |
| 005 | 20250910142445 |
| 007 | cr ||||||||||| |
| 008 | 150407|2006||||xxc|||||o f|0| 0 fre|d |
| 040 | |aCaOODSP|bfre |
| 043 | |an-cn--- |
| 086 | 1 |aD2-315/2006F-PDF |
| 110 | 1 |aCanada. |bMinistère de la défense nationale. |
| 245 | 13|aUn guide de lectures professionnelles sur le leadership / |h[ressource électronique]|cPublié sous les auspices du Chef d'état-major de la Défense par l'Académie canadienne de la Défense et l'Institut de leadership des Forces canadiennes. |
| 246 | 1 |aListe d'ouvrages recommandés des Forces canadiennes 2006 |
| 260 | |aOttawa - Ontario : |bDéfense nationale |cc2006. |
| 300 | |a56p.|bfigures |
| 590 | |a13-03-Supp|b2013-02-11 |
| 691 | 07|aArmée|2gcpds |
| 691 | 07|aLeadership|2gcpds |
| 775 | 08|tA guide to reading on professionalism and leadership / |w(CaOODSP)9.697216 |
| 856 | 40|ahttp://publications.gc.ca|qPDF|s563 Ko|uhttps://publications.gc.ca/collections/collection_2013/dn-nd/D2-315-2006-fra.pdf |
| 986 | |aN° de IDDN : A-PA-005-000/AP-007 |